[Event "Wuerttemberg-chT Rapid"]
[Site "Boeblingen"]
[Date "2024.04.13"]
[Round "8.22"]
[White "Baur, Frank"]
[Black "Ramirez Marin, Ivan"]
[Result "1-0"]
[WhiteElo "2050"]
[BlackElo "2271"]
[PlyCount "93"]
[EventDate "2024.04.13"]
[EventType "team-tourn"]
[EventRounds "9"]
[EventCountry "GER"]
[SourceTitle "CB17_2024"]
[SourceDate "2024.04.24"]
[SourceVersion "1"]
[SourceVersionDate "2024.04.24"]
[SourceQuality "1"]

1. d4 d5 2. c4 dxc4 3. e3 Nf6 4. Bxc4 e6 5. Nf3 c5 6. 0-0 a6 7. Nbd2 cxd4 8. Nxd4 Be7 9. b3 e5 10. N4f3 Nc6 11. Bb2 Bd6 12. Ng5 0-0 13. Nde4 Nxe4 14. Nxe4 Be7 15. Qxd8 Rxd8 16. Rfd1 Bf5 17. f3 Nb4 18. Kf2 b5 19. Be2 f6 20. a4 Rac8 21. axb5 axb5 22. Rxd8+ Rxd8 23. Bxb5 Nd3+ 24. Bxd3 Rxd3 25. Ba3 Bd8 26. Nd6 Be6 27. Bc5 Kf8 28. b4 Ke7 29. Ra7+ Bd7 30. Nf5+ Ke6 31. Nxg7+ Kf7 32. Nf5 Kg6 33. Nd6 Be6 34. e4 Rb3 35. Ne8 Rb2+ 36. Kg3 f5 37. Rg7+ Kh6 38. exf5 Bg5 39. fxe6 e4 40. Rxg5 Kxg5 41. fxe4 Rb3+ 42. Kf2 Kf4 43. e7 Rb2+ 44. Ke1 Rb1+ 45. Kd2 Rb2+ 46. Kc3 Rxg2 47. Nf6 1-0

[Event "Titled Tuesday intern op 26th Sep Early"]
[Site "Chess.com INT"]
[Date "2023.09.26"]
[Round "7"]
[White "Przybylski, Wojciech"]
[Black "Ramirez Marin, Ivan"]
[Result "1-0"]
[WhiteElo "2308"]
[BlackElo "2231"]
[PlyCount "93"]
[EventDate "2023.09.26"]
[EventType "swiss (blitz)"]
[EventRounds "11"]
[EventCountry "USA"]
[SourceTitle "EXT 2024"]
[Source "ChessBase"]
[SourceDate "2023.10.10"]
[SourceVersion "1"]
[SourceVersionDate "2023.10.10"]
[SourceQuality "1"]

1. e4 d5 2. exd5 Qxd5 3. Qf3 Qxf3 4. Nxf3 Nc6 5. Bb5 Bd7 6. 0-0 a6 7. Ba4 0-0-0 8. c3 e6 9. Ng5 Nh6 10. d4 Bd6 11. Ne4 Nf5 12. Nxd6+ Nxd6 13. Nd2 Rhe8 14. Nf3 f6 15. Bc2 g6 16. Re1 Nf7 17. Bf4 e5 18. dxe5 Ncxe5 19. Nxe5 Nxe5 20. Rad1 Bc6 21. f3 Rxd1 22. Rxd1 Nc4 23. Bc1 Ne3 24. Bxe3 Rxe3 25. Kf2 Re7 26. Bd3 a5 27. h4 Re8 28. Bc4 Rd8 29. Be6+ Bd7 30. Bd5 Ba4 31. b3 Bd7 32. Ke3 Re8+ 33. Kf4 h6 34. Be4 g5+ 35. Kg3 f5 36. Bd3 f4+ 37. Kf2 Re3 38. Be2 Bf5 39. hxg5 hxg5 40. Rd5 Bb1 41. Rxa5 Rxc3 42. Bd1 Rc1 43. Ke2 b6 44. Rxg5 Bxa2 45. Kd2 Rc6 46. Bc2 Rd6+ 47. Kc3 1-0

[Event "Titled Tuesday intern op 26th Sep Early"]
[Site "Chess.com INT"]
[Date "2023.09.26"]
[Round "5"]
[White "Ramirez Marin, Ivan"]
[Black "Hristodoulou, Panagiotis"]
[Result "0-1"]
[WhiteElo "2231"]
[BlackElo "2358"]
[PlyCount "56"]
[EventDate "2023.09.26"]
[EventType "swiss (blitz)"]
[EventRounds "11"]
[EventCountry "USA"]
[SourceTitle "EXT 2024"]
[Source "ChessBase"]
[SourceDate "2023.10.10"]
[SourceVersion "1"]
[SourceVersionDate "2023.10.10"]
[SourceQuality "1"]

1. d4 Nf6 2. c4 e6 3. Nc3 Bb4 4. e3 0-0 5. Bd3 b6 6. e4 d6 7. Nge2 Bb7 8. 0-0 Bxc3 9. Nxc3 e5 10. d5 a5 11. Be3 Na6 12. b3 Bc8 13. f3 Bd7 14. a3 Nh5 15. Qd2 Qf6 16. Ne2 Nc5 17. Bc2 a4 18. b4 Nb3 19. Bxb3 axb3 20. b5 Qg6 21. Kh1 Ra4 22. Rfc1 f5 23. exf5 Bxf5 24. Rc3 Bc2 25. Rf1 Rxa3 26. Nc1 b2 27. Qxc2 Qxc2 28. Rxc2 b1Q 0-1

[Event "Titled Tuesday intern op 26th Sep Early"]
[Site "Chess.com INT"]
[Date "2023.09.26"]
[Round "11"]
[White "Ramirez Marin, Ivan"]
[Black "Sargissyan, Sargis"]
[Result "1-0"]
[WhiteElo "2231"]
[BlackElo "2238"]
[PlyCount "53"]
[EventDate "2023.09.26"]
[EventType "swiss (blitz)"]
[EventRounds "11"]
[EventCountry "USA"]
[SourceTitle "EXT 2024"]
[Source "ChessBase"]
[SourceDate "2023.10.10"]
[SourceVersion "1"]
[SourceVersionDate "2023.10.10"]
[SourceQuality "1"]

1. d4 Nf6 2. c4 g6 3. Nc3 d5 4. Nf3 Bg7 5. Bg5 Ne4 6. Bf4 Nxc3 7. bxc3 c5 8. e3 0-0 9. cxd5 Qxd5 10. Be2 Nc6 11. 0-0 cxd4 12. cxd4 b6 13. h4 Bb7 14. h5 Rfd8 15. h6 Bf6 16. Qa4 Qf5 17. Rac1 Rac8 18. Ba6 Bxa6 19. Qxa6 g5 20. Bg3 g4 21. Nd2 e5 22. d5 Nb4 23. Qxa7 Rxc1 24. Rxc1 Qd3 25. Qxb6 Qxd2 26. Qxf6 Qxc1+ 27. Kh2 1-0

[Event "Titled Tuesday intern op 12th Sep Early"]
[Site "Chess.com INT"]
[Date "2023.09.12"]
[Round "3"]
[White "Bortnyk, Olexandr"]
[Black "Ramirez Marin, Ivan"]
[Result "1-0"]
[WhiteElo "2608"]
[BlackElo "2231"]
[PlyCount "53"]
[EventDate "2023.09.12"]
[EventType "swiss (blitz)"]
[EventRounds "11"]
[EventCountry "USA"]
[SourceTitle "EXT 2024"]
[Source "ChessBase"]
[SourceDate "2023.10.10"]
[SourceVersion "1"]
[SourceVersionDate "2023.10.10"]
[SourceQuality "1"]

1. e4 c5 2. c3 d5 3. exd5 Qxd5 4. d4 Nf6 5. Be3 cxd4 6. cxd4 e6 7. Nc3 Bb4 8. Nf3 0-0 9. Bd3 Bxc3+ 10. bxc3 b6 11. Qe2 Bb7 12. 0-0 Nc6 13. Rab1 Na5 14. Rb5 Qd6 15. Rg5 Rac8 16. c4 Bxf3 17. Qxf3 Ne8 18. Bf4 Qe7 19. c5 f6 20. Qh5 g6 21. Rg3 Ng7 22. Qh6 bxc5 23. dxc5 Rfd8 24. Bd6 Qf7 25. Rxg6 hxg6 26. Bxg6 Nf5 27. Bxf7+ 1-0

[Event "Titled Tuesday intern op 12th Sep Early"]
[Site "Chess.com INT"]
[Date "2023.09.12"]
[Round "11"]
[White "Dwilewicz, Katarzyna"]
[Black "Ramirez Marin, Ivan"]
[Result "1-0"]
[WhiteElo "2098"]
[BlackElo "2231"]
[PlyCount "81"]
[EventDate "2023.09.12"]
[EventType "swiss (blitz)"]
[EventRounds "11"]
[EventCountry "USA"]
[SourceTitle "EXT 2024"]
[Source "ChessBase"]
[SourceDate "2023.10.10"]
[SourceVersion "1"]
[SourceVersionDate "2023.10.10"]
[SourceQuality "1"]

1. e4 c5 2. Nc3 g6 3. f4 Bg7 4. Nf3 d6 5. Bb5+ Bd7 6. Bxd7+ Qxd7 7. 0-0 e6 8. d4 cxd4 9. Nxd4 a6 10. Be3 Ne7 11. Qd2 Nbc6 12. Rad1 Rd8 13. Qf2 0-0 14. Nb3 d5 15. e5 Nf5 16. Bb6 Rc8 17. g4 Nh6 18. h3 f6 19. Nc5 Qe7 20. exf6 Bxf6 21. Kg2 g5 22. f5 exf5 23. Nxd5 Qg7 24. Ne6 Qg6 25. Nxf8 Rxf8 26. Bc5 Rf7 27. gxf5 Qh5 28. Rfe1 Be5 29. f6 g4 30. Ne7+ Rxe7 31. fxe7 Qxh3+ 32. Kg1 Nxe7 33. Bxe7 Nf7 34. Rd8+ Kg7 35. Bf8+ Kg6 36. Rd7 g3 37. Qxf7+ Kg5 38. Be7+ Kg4 39. Qe6+ Kf3 40. Qxh3 Bd4+ 41. Rxd4 1-0

[Event "Titled Tuesday intern op 12th Sep Early"]
[Site "Chess.com INT"]
[Date "2023.09.12"]
[Round "2"]
[White "Ramirez Marin, Ivan"]
[Black "Belov, Alexei"]
[Result "1-0"]
[WhiteElo "2231"]
[BlackElo "2421"]
[PlyCount "137"]
[EventDate "2023.09.12"]
[EventType "swiss (blitz)"]
[EventRounds "11"]
[EventCountry "USA"]
[SourceTitle "EXT 2024"]
[Source "ChessBase"]
[SourceDate "2023.10.10"]
[SourceVersion "1"]
[SourceVersionDate "2023.10.10"]
[SourceQuality "1"]

1. d4 d5 2. c4 e6 3. Nc3 Be7 4. cxd5 exd5 5. Bf4 c6 6. e3 Bf5 7. g4 Be6 8. Bd3 h5 9. gxh5 Nd7 10. Nge2 Ndf6 11. Ng3 Bg4 12. Be2 Bxe2 13. Qxe2 Nh6 14. 0-0-0 Qd7 15. e4 dxe4 16. Ncxe4 0-0-0 17. Nc5 Qg4 18. Qxe7 Qxf4+ 19. Kb1 Qc7 20. Rhe1 Rhe8 21. Qxc7+ Kxc7 22. Rxe8 Rxe8 23. Kc2 Nhg4 24. Nd3 Nxh2 25. Ne5 Nhg4 26. Nxf7 Nxf2 27. Rd2 N2g4 28. Ng5 Re3 29. Nf5 Rg3 30. Nxg3 Nd5 31. N5e4 Nf4 32. a3 b6 33. Nf5 Kd7 34. Nxg7 Ne3+ 35. Kb1 Ng4 36. Nf5 Ke6 37. Nfg3 Kd5 38. Rd1 Nh6 39. Rf1 Nxh5 40. Nxh5 Kxe4 41. Nf6+ Kxd4 42. Nd7 Ng4 43. Nb8 Ne3 44. Rf7 Nc4 45. Rxa7 c5 46. Nc6+ Kd3 47. Ne7 Nd2+ 48. Ka2 c4 49. Rd7+ Kc2 50. Rxd2+ Kxd2 51. Nc6 b5 52. Nb4 c3 53. bxc3 Kxc3 54. Nd5+ Kc4 55. Nc7 b4 56. a4 b3+ 57. Ka3 Kc3 58. Nb5+ Kc4 59. Nd6+ Kd5 60. Nf5 Kc4 61. Ne3+ Kc3 62. Nd1+ Kc2 63. Nb2 Kc3 64. a5 Kd4 65. Kb4 Kd5 66. Kb5 Kd4 67. a6 Kc3 68. Na4+ Kc2 69. a7 1-0

[Event "Lugano Paradiso op"]
[Site "Lugano"]
[Date "2023.05.27"]
[Round "2"]
[White "Jud, Marc"]
[Black "Ramirez Marin, Ivan"]
[Result "0-1"]
[WhiteElo "1881"]
[BlackElo "2207"]
[PlyCount "74"]
[EventDate "2023.05.26"]
[EventType "swiss"]
[EventRounds "5"]
[EventCountry "SUI"]
[SourceTitle "CBM 214 Extra"]
[Source "ChessBase"]
[SourceDate "2023.07.31"]
[SourceVersion "1"]
[SourceVersionDate "2023.07.31"]
[SourceQuality "1"]

1. e4 e5 2. Nf3 Nc6 3. Bb5 a6 4. Ba4 Nf6 5. d3 b5 6. Bb3 Bc5 7. 0-0 d6 8. c3 Bb6 9. Be3 Bxe3 10. fxe3 0-0 11. Nbd2 Na5 12. Bc2 c5 13. d4 Nc6 14. d5 Ne7 15. b3 Ne8 16. c4 Rb8 17. Rb1 Qa5 18. Qc1 g6 19. Re1 f5 20. exf5 gxf5 21. e4 f4 22. Bd3 Bd7 23. Qc2 b4 24. h3 Qd8 25. Be2 Kh8 26. Nh2 Nf6 27. Kh1 Rg8 28. Ndf1 Qe8 29. Bf3 Qg6 30. Qf2 a5 31. Ra1 Qg5 32. Nd2 Rg7 33. Qe2 Ng6 34. Rg1 Nh4 35. Rad1 Rbg8 36. Qf2 h5 37. Qe2 Bxh3 0-1

[Event "GER-chT Online Liga 1 GpA"]
[Site "Playchess.com INT"]
[Date "2021.03.16"]
[Round "6.3"]
[White "Lenz, Jonas"]
[Black "Ramirez Marin, Ivan"]
[Result "1/2-1/2"]
[WhiteElo "2092"]
[BlackElo "2227"]
[PlyCount "133"]
[EventDate "2021.01.22"]
[EventType "team-tourn (rapid)"]
[EventRounds "7"]
[EventCountry "GER"]
[SourceTitle "EXT 2022"]
[Source "ChessBase"]
[SourceDate "2021.10.06"]
[SourceVersion "1"]
[SourceVersionDate "2021.10.06"]
[SourceQuality "1"]
[WhiteTeam "Bad Homburg"]
[BlackTeam "Osnabrueck SV"]
[WhiteTeamCountry "GER"]
[BlackTeamCountry "GER"]

1. d4 d5 2. c3 Nf6 3. Nf3 e6 4. Bg5 Be7 5. Nbd2 b6 6. Qa4+ c6 7. Bxf6 Bxf6 8. e4 0-0 9. Be2 c5 10. 0-0 Bb7 11. dxc5 bxc5 12. Rfd1 Qb6 13. exd5 exd5 14. Nb3 Bc6 15. Qa3 Nd7 16. Na5 Rfe8 17. Bf1 Rab8 18. Rac1 Ba8 19. Nc4 Qc7 20. Ne3 Nb6 21. Qa5 Re4 22. b3 g6 23. a4 Qe7 24. Re1 Nc8 25. b4 cxb4 26. Nxd5 Bxd5 27. Qxd5 Nd6 28. Bd3 Re6 29. cxb4 Rxb4 30. a5 Ne4 31. Bf1 Rb2 32. Nd4 Rd6 33. Qxe4 Qxe4 34. Rxe4 Bxd4 35. Re2 Rxe2 36. Bxe2 Rf6 37. Rf1 Rf5 38. a6 Ra5 39. g3 Ra2 40. Bc4 Rc2 41. Bd3 Rd2 42. Bc4 g5 43. h3 h5 44. Kg2 Kg7 45. g4 h4 46. Kf3 Rc2 47. Bd3 Rd2 48. Be2 Rb2 49. Rd1 Bb6 50. Rd5 f6 51. Rd7+ Kf8 52. Rd5 Ke7 53. Rb5 Ra2 54. Rb4 Kd6 55. Re4 Ra3+ 56. Kg2 Rc3 57. Rc4 Ra3 58. Re4 Kd5 59. Re8 Ra2 60. Kf3 Ra3+ 61. Kg2 Ra2 62. Kf3 Kd4 63. Re6 Ra3+ 64. Kg2 Ra2 65. Kf3 Ra3+ 66. Kg2 Ra2 67. Kf3 1/2-1/2

[Event "Mexico City Garritas-A 04th"]
[Site "Mexico City"]
[Date "2014.04.06"]
[Round "4"]
[White "Ramirez Marin, Ivan"]
[Black "Lopez Raygoza, Luis Alberto"]
[Result "1-0"]
[WhiteElo "2093"]
[BlackElo "2161"]
[PlyCount "71"]
[EventDate "2014.04.04"]
[EventType "tourn"]
[EventRounds "5"]
[EventCountry "MEX"]
[SourceTitle "EXT 2018"]
[Source "ChessBase"]
[SourceDate "2017.10.13"]
[SourceVersion "1"]
[SourceVersionDate "2017.10.13"]
[SourceQuality "1"]

1. Nf3 Nf6 2. c4 e6 3. g3 d5 4. Bg2 Be7 5. 0-0 0-0 6. d4 dxc4 7. Qc2 a6 8. Qxc4 b5 9. Qc2 Bb7 10. Bg5 Be4 11. Qc1 Nbd7 12. Nbd2 Bb7 13. Nb3 Bd5 14. Rd1 h6 15. Bxf6 Nxf6 16. Ne5 Ne4 17. Qc2 f5 18. f3 Nf6 19. e4 fxe4 20. fxe4 Bb7 21. Na5 Bc8 22. Qc6 Rb8 23. Bh3 Rb6 24. Qc2 Nh7 25. Bg2 Bd6 26. Nec6 Qg5 27. Qd3 e5 28. dxe5 Bc5+ 29. Kh1 Be6 30. Rac1 Bf2 31. Rc2 Qe3 32. Qxe3 Bxe3 33. Ne7+ Kf7 34. Rxc7 Ke8 35. Nec6 Bd7 36. Rdxd7 1-0

[Event "Mexico City Jose Marti 4th"]
[Site "Mexico City"]
[Date "2013.08.23"]
[Round "5"]
[White "Lopez Raygoza, Luis Alberto"]
[Black "Ramirez Marin, Ivan"]
[Result "0-1"]
[WhiteElo "2090"]
[BlackElo "2082"]
[PlyCount "100"]
[EventDate "2013.08.19"]
[EventType "tourn"]
[EventRounds "5"]
[EventCountry "MEX"]
[SourceTitle "EXT 2018"]
[Source "ChessBase"]
[SourceDate "2017.10.13"]
[SourceVersion "1"]
[SourceVersionDate "2017.10.13"]
[SourceQuality "1"]

1. d4 e6 2. c4 d5 3. Nc3 Nf6 4. cxd5 Nxd5 5. e4 Nxc3 6. bxc3 c5 7. Bb5+ Bd7 8. Bxd7+ Nxd7 9. Nf3 Be7 10. 0-0 0-0 11. Rb1 Qc7 12. Ba3 Nb6 13. Qe2 cxd4 14. Bxe7 d3 15. Qxd3 Qxe7 16. Rb4 Rac8 17. e5 Rfd8 18. Rd4 Rxd4 19. cxd4 Qc7 20. Ng5 Qc2 21. Qf3 Rc7 22. a3 Qc3 23. Qe4 Qc2 24. Qf3 h6 25. Ne4 Nd5 26. Nd6 Qc3 27. Qxc3 Nxc3 28. Kh1 Ne2 29. Nb5 Rc4 30. Nxa7 Nxd4 31. Rb1 b5 32. h3 Rc5 33. Rb4 Rd5 34. f4 g5 35. fxg5 hxg5 36. Nc8 Nc6 37. Rb3 Rxe5 38. Rc3 Nd4 39. Rd3 Ne2 40. Rd8+ Kg7 41. Nd6 Rd5 42. Ne8+ Kg6 43. Rb8 Nf4 44. Nc7 Rd1+ 45. Kh2 Rd2 46. Nxb5 Rxg2+ 47. Kh1 Rd2 48. Rg8+ Kf5 49. Rh8 Ke4 50. a4 Kf3 0-1